000 01050nam a2200229Ia 4500
003 OSt
005 20200925182926.0
008 191128s1985 ck gr 000 0dspa d
040 _aCO-JMCR
_cCO-JMCR
041 0 _aspa
082 0 4 _a923.2 /
_bA723p
_223
100 1 _aArdila Duarte, Benjamín,
_ecompilador
_910894
245 1 0 _aPensamiento político contemporáneo :
_bVirgilio Barco hombre de Partido y Hombre de Estado : obras selectas /
_cBenjamín Ardila Duarte
260 _aBogotá :
_bCámara de Representantes,
_c1985
300 _a96 páginas ;
_c24 cm.
490 0 _aPensadores políticos colombianos
500 _aIncluye datos biográficos del autor en solapa.
504 _aBibliografía: páginas 95-96
505 0 _aPresentación general: datos biográficos y perfil político -- De su práctica administrativa y concepción política frente a los grandes problemas nacionales -- La lucha contra la pobreza: un programa de Virgilio Barco y del liberalismo
651 1 _aColombia
_xpolítica y gobierno
_98136
942 _2ddc
_cBK
999 _c6245
_d6245